Statistics for Name the Australian Sports Person - Old School Edition #5

Click here to take the quiz!

General Stats

  • This quiz has been taken 4 times
  • The average score is 13 of 21

Answer Stats

Answer% Correct
Dawn Fraser
100%
Don Bradman
100%
Evonne Goolagong Cawley
100%
Jack Brabham
100%
Margaret Court
100%
Phar Lap
100%
Betty Cuthbert
75%
Peter Thomson
75%
Rod Laver
75%
Shane Gould
75%
Walter Lindrum
75%
Herb Elliott
50%
Ken Rosewall
50%
Dick Reynolds
25%
John Coleman
25%
John Newcombe
25%
Keith Miller
25%
Marjorie Jackson
25%
Shirley Strickland
25%
Vic Patrick
25%
Clive Churchill
0%

Score Distribution

Percentile by Number Answered

Percent of People with Each Score

Your Score History

You have not taken this quiz